Multiechelon inventory policies : μεταπτυχιακή εργασία

Αποθηκεύτηκε σε:
Λεπτομέρειες βιβλιογραφικής εγγραφής
Κύριος συγγραφέας: Πανουσοπούλου, Παγώνα Β.
Συγγραφή απο Οργανισμό/Αρχή: Πανεπιστήμιο Αιγαίου Σχολή Επιστημών της Διοίκησης Τμήμα Διοίκησης Επιχειρήσεων Πρόγραμμα Μεταπτυχιακών Σπουδών στη Διοίκηση Επιχειρήσεων - M.B.A
Άλλοι συγγραφείς: Βιδάλης, Μιχάλης (Εισηγητής διατριβής)
Μορφή: Thesis Βιβλίο
Γλώσσα:Greek
Δημοσίευση: 2004
Θέματα:
Διαθέσιμο Online:http://hdl.handle.net/11610/13387
Ετικέτες: Προσθήκη ετικέτας
Δεν υπάρχουν, Καταχωρήστε ετικέτα πρώτοι!

MARC

LEADER 00000cam a2200000 i 4500
001 1/81628
008 050719s2004 gre d
035 |l 10079317 
040 |a GR-MY-UA  |b gre  |e aacr 
041 0 |a gre 
082 0 |a 658.78  |2 (22) 
100 1 |a Πανουσοπούλου, Παγώνα Β. 
245 1 0 |a Multiechelon inventory policies :  |b μεταπτυχιακή εργασία /  |c Πανουσοπούλου Παγώνα ; επιβλέπων Βιδάλης Μιχαήλ 
260 |c 2004 
300 |a 75 σ.;  |b διαγρ., πίν.;  |c 30 εκ. 
502 |a Διατριβή (μεταπτυχιακή) - Πανεπιστήμιο Αιγαίου, Χίος, 2004. 
504 |a Περιλαμβάνει βιβλιογραφία 
610 2 0 |a Πανεπιστήμιο Αιγαίου. 
650 0 0 |a Business logistics. 
650 0 0 |a Industrial management. 
650 0 0 |a Dissertations, Academic  |z Greece. 
700 1 |a Βιδάλης, Μιχάλης.  |4 ths 
710 1 |a Πανεπιστήμιο Αιγαίου  |b Σχολή Επιστημών της Διοίκησης  |b Τμήμα Διοίκησης Επιχειρήσεων  |b Πρόγραμμα Μεταπτυχιακών Σπουδών στη Διοίκηση Επιχειρήσεων - M.B.A. 
852 |a INST  |b CHIOS  |c DIATR  |e 20050720  |h 658.78 ΠΑΝ  |p 005200025068  |q 005200025068  |t MTXE  |y 23 
852 |a INST  |b CHIOS  |c DIATR  |e 20050719  |h 658.78 ΠΑΝ  |p 005200025069  |q 005200025069  |t MTXE  |y 23 
856 |u http://hdl.handle.net/11610/13387 
901 |a BIBL2-2005-2 
909 |a Χ  |b 119289 
909 |a Χ  |b 119288 
924 |a ΠΑΝΟΥΣΟΠΟΥΛΟΥ  |b ΠΑΓΩΝΑ  |y ΧΙΟΣ  |z 2004-12 
970 |a ΒΑΣΙΛΑΚΗ  |b ΝΙΚΗ  |z 2005/07/19